000 01739nam0a2200457 4500
001 RU\NLR\bibl\1788518
005 20260405094615.0
010 _a978-5-227-02644-6
_92500
021 _aRU
_b2011-39301
_9336д/2011
035 _a(NLR Aleph) 001779233
035 _a(nilc)RSL-KNO-004985206
090 _a1686938
_c1686938
100 _a20110531d2011 |||y0rusy50 ca
101 0 _arus
102 _aRU
105 _aa |||||||||
200 1 _aРусский бал XVIII - начала XX века
_eтанцы, костюмы, символика
_fОксана Захарова
210 _aМосква
_cЦентрполиграф
_d2011
215 _a446, [2] с., [12] л. ил., цв. ил., портр.
_cил., ноты
_d21
606 1 _aБалы
_xв литературе русской
_z19 в.
_92613750
_3RU\NLR\auth\661550308
606 1 _aБальные танцы
_yРоссия
_z18 - 20 вв.
_92597203
_3RU\NLR\auth\661534506
606 1 _aКостюм русский
_z18 - 20 вв.
_92166509
_3RU\NLR\auth\661303525
610 0 _aбалы
686 _aЩ126.63(2Р=Р)5-4,0
_2rubbk
686 _aЩ326(2Р=Р)5,0
_2rubbk
686 _aЩ343(2Р=Р)5,0
_2rubbk
686 _aТ3(2)0-751.2,02
_2rubbk
686 _aШ5(2=Р)5-694бал
_2rubbk
686 _aШ5(2=Р)5-34
686 _aЩ326(2Р=Рус)
686 _aЩ126.63(2Р=Рус)
686 _aТ3(2)0-75
700 1 _4070
_7ca
_8rus
_aЗахарова
_bО. Ю.
_cд-р ист. наук
_gОксана Юрьевна
_918279
_3RU\NLR\auth\7735281
801 0 _aRU
_bRuMoRKP
_c20110531
_grcr
801 1 _aRU
_bРГБ
_c20110531
801 2 _aRU
_bNLR
_c20110713
_grcr
942 _cBOOK
980 _aNB
980 _aNBR